The Symbolist movement in literature / (Record no. 17941)

MARC details
000 -LEADER
fixed length control field 006980000a22001930004500
003 - CONTROL NUMBER IDENTIFIER
control field dpl
005 - DATE AND TIME OF LATEST TRANSACTION
control field 20081029171050.0
008 - FIXED-LENGTH DATA ELEMENTS--GENERAL INFORMATION
fixed length control field 081029t xxu||||| |||| 00| 0 eng d
010 ## - LIBRARY OF CONGRESS CONTROL NUMBER
LC control number ENG-84637
020 ## - INTERNATIONAL STANDARD BOOK NUMBER
International Standard Book Number 819034031X
Terms of availability 165.00 (pbk)
035 ## - SYSTEM CONTROL NUMBER
System control number EN-68170
082 ## - DEWEY DECIMAL CLASSIFICATION NUMBER
Classification number 808.8015
100 ## - MAIN ENTRY--PERSONAL NAME
Personal name Symons, Arthur
245 ## - TITLE STATEMENT
Title The Symbolist movement in literature /
Statement of responsibility, etc by Arthur Symons
260 ## - PUBLICATION, DISTRIBUTION, ETC. (IMPRINT)
Place of publication, distribution, etc New Delhi
Name of publisher, distributor, etc ABS Publishers and Distributors
Date of publication, distribution, etc 2006(rpr)
300 ## - PHYSICAL DESCRIPTION
Extent xx,164p
Dimensions 22cm
942 ## - ADDED ENTRY ELEMENTS (KOHA)
Source of classification or shelving scheme Dewey Decimal Classification
Koha item type English Books
Classification part 808.8015
Call number suffix SYM
Holdings
Withdrawn status Lost status Source of classification or shelving scheme Damaged status Not for loan Home library Current library Date acquired Cost, normal purchase price Total Checkouts Full call number Barcode Date last seen Copy number Cost, replacement price Price effective from Koha item type
    Dewey Decimal Classification   Not For Loan D.B.Act.Division D.B.Act.Division 12/03/2007 165.00   808.8015 SYM EN-68170 04/11/2008 1 165.00 04/11/2008 English Books

© Delhi Public Library
Hit Counter
free hit counter